SAT Words HARD Click Quiz - R #2 - Statistics

General Stats
  • This quiz has been taken 292 times
  • The average score is 9 of 15
Answer Stats
Hint Answer % Correct
A skilled storyteller Raconteur
81%
Mixture of fat and flour used to thicken sauces Roux
81%
Boisterous, energetic Rumbustious
76%
Thoughtful, reflective Ruminative
75%
Deeply engrossed or absorbed Rapt
67%
Quick, clever reply or retort Riposte
64%
Cause resentment or anger Rankle
63%
Experiencing revival or reinvigoration Renascent
63%
Vulgarly humourous; crude Ribald
58%
Related to stagecraft or acting Roscian
47%
Wrinkled or creased Rugous
42%
Defended enclosure; stronghold Redoubt
40%
Off-putting, repellent Rebarbative
37%
Having a healthy red colour Rubicund
37%
Feel discontent or boredom; complain Repine
31%
No matching quizzes found
Score Distribution
Percent of People with Each Score
Percentile by Number Answered
Your Score History
You have not taken this quiz